[Event "12th Reykjavik op"]
[Site "Reykjavik ISL"]
[Date "1986.02.13"]
[Round "3.28"]
[White "Remlinger, Larry"]
[Black "Einarsson, Halldor"]
[Result "1-0"]
[WhiteElo "2380"]
[BlackElo "2220"]
[EventDate "1986.02.11"]
[PlyCount "91"]

1.d4 Nf6 2.c4 g6 3.Nc3 Bg7 4.e4 d6 5.Nge2 O-O 6.Ng3 e5 7.d5 Ne8 8.h4 f5 9.
Bg5 Qd7 10.exf5 gxf5 11.Bd3 Qf7 12.Bd2 Na6 13.a3 e4 14.Bc2 Nf6 15.Qe2 Ng4 
16.O-O-O Nc5 17.Kb1 Ne5 18.f3 Qg6 19.Nf1 Qh5 20.Nh2 Ncd3 21.b3 Bd7 22.Rdf1
b5 23.cxb5 a6 24.b6 cxb6 25.g4 fxg4 26.fxe4 Nc5 27.b4 Nb7 28.Bb3 Bb5 29.
Rxf8+ Rxf8 30.Nxb5 axb5 31.Bc3 Qxh4 32.Bxe5 dxe5 33.Qxg4 Qxg4 34.Nxg4 Rf4 
35.Nh6+ Kf8 36.Nf5 Rxe4 37.Nxg7 Kxg7 38.Bc2 Nd6 39.Bxe4 Nxe4 40.Re1 Nd2+ 
41.Kc2 Nc4 42.Kd3 Kf6 43.Rh1 Kf5 44.Rxh7 e4+ 45.Kd4 e3 46.Re7 1-0

[Event "12th Reykjavik op"]
[Site "Reykjavik ISL"]
[Date "1986.02.13"]
[Round "3.29"]
[White "Thorsteinsson, Thorsteinn"]
[Black "Dehmelt, Karl"]
[Result "1-0"]
[WhiteElo "2325"]
[BlackElo "2355"]
[EventDate "1986.02.11"]
[PlyCount "97"]

1.d4 Nf6 2.c4 e6 3.Nc3 Bb4 4.Qc2 c5 5.dxc5 Nc6 6.Nf3 O-O 7.Bg5 Bxc5 8.e3 
h6 9.Bh4 Be7 10.Be2 d5 11.O-O dxc4 12.Bxc4 a6 13.Rfd1 Qa5 14.a3 Ne5 15.
Nxe5 Qxe5 16.Bg3 Qc5 17.Ne4 Nxe4 18.Qxe4 Qb6 19.Be5 f5 20.Bd4 Qd6 21.Qc2 
Qc6 22.Qb3 Bd7 23.Be5 Kh7 24.Be2 Qc8 25.Rac1 Bc6 26.Bf3 Bf6 27.Bxf6 Rxf6 
28.Bxc6 bxc6 29.Qc3 Rb8 30.b4 a5 31.bxa5 Qc7 32.Qxc6 Qxa5 33.Qc7 Qxc7 34.
Rxc7 Rb3 35.Ra7 e5 36.h3 f4 37.exf4 exf4 38.Rdd7 Rg6 39.Rf7 f3 40.g3 Rb1+ 
41.Kh2 Rf1 42.Rxf3 Ra1 43.Kg2 Ra2 44.h4 Rg4 45.Rff7 Kg8 46.Rfe7 h5 47.Re8+
Kh7 48.Re5 Kh6 49.Raa5 1-0

[Event "12th Reykjavik op"]
[Site "Reykjavik ISL"]
[Date "1986.02.13"]
[Round "3.30"]
[White "Vidarsson, Jon"]
[Black "Olafsson, David"]
[Result "0-1"]
[WhiteElo "2115"]
[BlackElo "2325"]
[EventDate "1986.02.11"]
[PlyCount "92"]

1.e4 c5 2.Nf3 d6 3.d4 cxd4 4.Nxd4 Nf6 5.Nc3 a6 6.Be3 e6 7.Qd2 b5 8.f3 Bb7 
9.g4 Nc6 10.g5 Nd7 11.Nxc6 Bxc6 12.a3 Be7 13.Ne2 d5 14.Nd4 Bb7 15.exd5 
Bxd5 16.Be2 O-O 17.Rg1 Qb8 18.Rg3 Ne5 19.b3 Rd8 20.f4 Ng6 21.Bd3 e5 22.
fxe5 Qxe5 23.Kf1 Bb7 24.c3 Rac8 25.b4 Qd5 26.Rc1 Bd6 27.Rg1 Re8 28.Re1 Ne5
29.Re2 Nf3 30.Nxf3 Qxf3+ 31.Ke1 Bxh2 32.Bxh7+ Kh8 33.Be4 Bxg1 34.Rh2+ Bxh2
35.Qxh2+ Kg8 36.Qh7+ Kf8 37.Bxf3 Rxe3+ 38.Be2 Rce8 39.Qh8+ Ke7 40.Qxg7 Kd8
41.Qd4+ Kc8 42.Qc5+ Kb8 43.Qd6+ Ka8 44.Qc7 Rxe2+ 45.Kf1 Re1+ 46.Kf2 R8e2+ 
0-1

[Event "12th Reykjavik op"]
[Site "Reykjavik ISL"]
[Date "1986.02.13"]
[Round "3.32"]
[White "Gudmundsson, Kristjan"]
[Black "Karason, Askell Orn"]
[Result "1-0"]
[WhiteElo "2245"]
[BlackElo "2315"]
[EventDate "1986.02.11"]
[PlyCount "117"]

1.e4 c5 2.Nf3 d6 3.d4 cxd4 4.Nxd4 Nf6 5.Nc3 g6 6.Be3 Bg7 7.f3 Nc6 8.Qd2 
O-O 9.g4 Be6 10.O-O-O Nxd4 11.Bxd4 Qa5 12.a3 Rfc8 13.h4 Rab8 14.Nd5 Qxd2+ 
15.Rxd2 Nxd5 16.Bxg7 Kxg7 17.exd5 Bd7 18.g5 h6 19.Rd4 Bf5 20.c3 Rh8 21.f4 
f6 22.gxf6+ exf6 23.Rc4 Rbc8 24.Kd2 Rxc4 25.Bxc4 Re8 26.Rf1 Bh3 27.Rf3 Bg4
28.Re3 Rxe3 29.Kxe3 g5 30.hxg5 fxg5 31.Bd3 Kf6 32.Bf1 Bd1 33.fxg5+ hxg5 
34.Ke4 Bc2+ 35.Kd4 g4 36.b4 Bd1 37.Ke4 Kg5 38.Bg2 Bc2+ 39.Ke3 b5 40.Bf1 
Bb3 41.Bxb5 Bxd5 42.c4 Be6 43.c5 d5 44.c6 Kf5 45.Ba6 Ke5 46.c7 d4+ 47.Kf2 
d3 48.c8=Q Bxc8 49.Bxc8 Kf4 50.Bxg4 Kxg4 51.Ke3 d2 52.Kxd2 Kf4 53.Kd3 Ke5 
54.Kc4 Kd6 55.Kb5 Kc7 56.Ka6 Kb8 57.a4 Ka8 58.b5 Kb8 59.a5 1-0

[Event "12th Reykjavik op"]
[Site "Reykjavik ISL"]
[Date "1986.02.13"]
[Round "3.33"]
[White "Angantysson, Haukur"]
[Black "Johannesson, Larus"]
[Result "1-0"]
[WhiteElo "2305"]
[BlackElo "2250"]
[EventDate "1986.02.11"]
[PlyCount "71"]

1.e4 c5 2.Nf3 e6 3.d4 cxd4 4.Nxd4 Nf6 5.Nc3 d6 6.Be3 a6 7.a4 b6 8.Bd3 Bb7 
9.f4 Nbd7 10.O-O Be7 11.Qf3 O-O 12.g4 e5 13.Nf5 exf4 14.Qxf4 Ne5 15.h3 Re8
16.Nxe7+ Rxe7 17.Bd4 Nfd7 18.b4 Nc6 19.Qxd6 Re6 20.Qd5 Qc7 21.Bf2 Nce5 22.
Qb3 h5 23.Nd5 Bxd5 24.exd5 hxg4 25.Bg3 Rh6 26.h4 Qd8 27.Be4 Nf6 28.Bg2 Ng6
29.c4 Nxh4 30.Bxh4 Rxh4 31.Qg3 Nh5 32.Qf2 g3 33.Qxf7+ Kh8 34.Rae1 Rh2 35.
Re7 a5 36.Rf5 1-0

[Event "12th Reykjavik op"]
[Site "Reykjavik ISL"]
[Date "1986.02.13"]
[Round "3.34"]
[White "Karlsson, Hilmar"]
[Black "Thorhallsson, Throestur"]
[Result "0-1"]
[WhiteElo "2305"]
[BlackElo "2245"]
[EventDate "1986.02.11"]
[PlyCount "44"]

1.e4 d5 2.exd5 Nf6 3.c4 e6 4.dxe6 Bxe6 5.d4 Bb4+ 6.Bd2 Qe7 7.Bxb4 Qxb4+ 8.
Qd2 Nc6 9.d5 O-O-O 10.Nc3 Bg4 11.f3 Rhe8+ 12.Be2 Bf5 13.O-O-O Na5 14.Nb1 
Qb3 15.Na3 Qb6 16.Nb5 Bg6 17.b4 Rxe2 18.Qxe2 Re8 19.bxa5 Qc5 20.Qb2 Qxc4+ 
21.Nc3 Re3 22.Kd2 Qd4+ 0-1

[Event "12th Reykjavik op"]
[Site "Reykjavik ISL"]
[Date "1986.02.15"]
[Round "4.4"]
[White "Hjartarson, Johann"]
[Black "Gheorghiu, Florin"]
[Result "1/2-1/2"]
[WhiteElo "2505"]
[BlackElo "2525"]
[EventDate "1986.02.11"]
[PlyCount "49"]

1.e4 c5 2.Nf3 e6 3.d4 cxd4 4.Nxd4 a6 5.Bd3 Nf6 6.O-O d6 7.c4 Be7 8.Nc3 O-O
9.Be3 Re8 10.Kh1 Nc6 11.Nxc6 bxc6 12.f4 Nd7 13.Qc2 g6 14.Rad1 Qc7 15.c5 
Nxc5 16.Bxc5 dxc5 17.e5 a5 18.Ne4 Rd8 19.Nxc5 Bxc5 20.Qxc5 Rxd3 21.Rxd3 
Ba6 22.Rfd1 Bxd3 23.Rxd3 Rb8 24.b3 a4 25.h3 1/2-1/2

[Event "12th Reykjavik op"]
[Site "Reykjavik ISL"]
[Date "1986.02.15"]
[Round "4.8"]
[White "Schussler, Harry"]
[Black "Miles, Anthony John"]
[Result "0-1"]
[WhiteElo "2455"]
[BlackElo "2610"]
[EventDate "1986.02.11"]
[PlyCount "87"]

1.d4 Nf6 2.c4 e6 3.Nf3 b6 4.Nc3 Bb4 5.Bg5 Bb7 6.e3 h6 7.Bh4 g5 8.Bg3 Ne4 
9.Nd2 Nxg3 10.hxg3 Nc6 11.Qc2 Bf8 12.a3 Bg7 13.Be2 Qe7 14.g4 O-O-O 15.
O-O-O Kb8 16.Kb1 Rdf8 17.Bf3 h5 18.Rxh5 Rxh5 19.gxh5 f5 20.g4 fxg4 21.Bxg4
Rxf2 22.Qg6 Qf6 23.Qc2 Nd8 24.c5 Qf7 25.cxb6 axb6 26.Nb5 Nc6 27.Nc3 Rg2 
28.Be2 g4 29.Qg6 Qf6 30.Qe8+ Qd8 31.Qg6 Qh8 32.Qf7 Bh6 33.Nf1 g3 34.Qxd7 
Rg1 35.Nb5 Qc8 36.Qh7 g2 37.Qxh6 Rh1 38.Qf4 g1=Q 39.Ng3 e5 40.dxe5 Qxd1+ 
41.Bxd1 Rxd1+ 42.Kc2 Qd8 43.Nd6 cxd6 44.e6 0-1

[Event "12th Reykjavik op"]
[Site "Reykjavik ISL"]
[Date "1986.02.15"]
[Round "4.9"]
[White "Christiansen, Larry"]
[Black "Kogan, Boris"]
[Result "1/2-1/2"]
[WhiteElo "2555"]
[BlackElo "2485"]
[EventDate "1986.02.11"]
[PlyCount "101"]

1.d4 Nf6 2.c4 e6 3.Nc3 d5 4.Bg5 Be7 5.Nf3 O-O 6.e3 c6 7.Bd3 Nbd7 8.O-O 
dxc4 9.Bxc4 Nd5 10.Bxe7 Qxe7 11.e4 Nxc3 12.bxc3 e5 13.Qd2 exd4 14.cxd4 Nb6
15.Bd3 Be6 16.Rfe1 Rad8 17.Qf4 Rfe8 18.a4 Bc4 19.Bc2 Qf6 20.Qg3 Qg6 21.Qh4
Qf6 22.Qh5 g6 23.Qh6 Nd7 24.a5 Nf8 25.Rab1 Qe7 26.h4 Be6 27.h5 Bg4 28.hxg6
hxg6 29.Ne5 Bc8 30.Bb3 Ne6 31.a6 Qg5 32.Qh2 bxa6 33.Nxc6 Nxd4 34.Bxf7+ 
Kxf7 35.Qh7+ Ke6 36.Nxd8+ Rxd8 37.Re3 Bd7 38.Rb7 Qh5 39.Qxh5 gxh5 40.Rxa7 
Bb5 41.Rh3 Ne2+ 42.Kh2 Rh8 43.Rh4 Ke5 44.Re7+ Kf6 45.Rc7 Ke5 46.Rc5+ Kd4 
47.Rd5+ Kc4 48.g4 Rf8 49.Rf5 Rxf5 50.exf5 hxg4 51.f6 1/2-1/2

[Event "12th Reykjavik op"]
[Site "Reykjavik ISL"]
[Date "1986.02.15"]
[Round "4.11"]
[White "Thorsteins, Karl"]
[Black "Olafsson, Helgi"]
[Result "1/2-1/2"]
[WhiteElo "2445"]
[BlackElo "2545"]
[EventDate "1986.02.11"]
[PlyCount "55"]

1.d4 Nf6 2.c4 e6 3.Nf3 d5 4.Nc3 Be7 5.Bg5 h6 6.Bxf6 Bxf6 7.e3 O-O 8.Qc2 c5
9.dxc5 dxc4 10.Bxc4 Qa5 11.O-O Bxc3 12.Qxc3 Qxc3 13.bxc3 Nd7 14.c6 bxc6 
15.Rab1 Nb6 16.Be2 c5 17.Rfc1 Bd7 18.Rb3 Rfd8 19.Kf1 Ba4 20.Ra3 Kf8 21.c4 
Ke7 22.Ne5 f6 23.Nd3 Rdc8 24.Nb2 Bc6 25.Ra5 Rc7 26.f3 Be8 27.Rc3 e5 28.
Rca3 1/2-1/2

[Event "12th Reykjavik op"]
[Site "Reykjavik ISL"]
[Date "1986.02.15"]
[Round "4.12"]
[White "Lein, Anatoly"]
[Black "Remlinger, Larry"]
[Result "1-0"]
[WhiteElo "2535"]
[BlackElo "2380"]
[EventDate "1986.02.11"]
[PlyCount "90"]

1.d4 Nf6 2.c4 e6 3.Nf3 b6 4.a3 Bb7 5.Nc3 d5 6.cxd5 exd5 7.g3 c5 8.Bg2 Be7 
9.O-O O-O 10.Bg5 Ne4 11.Bxe7 Qxe7 12.Rc1 Nd7 13.e3 Rfe8 14.dxc5 Nxc3 15.
Rxc3 Nxc5 16.Nd4 Ne4 17.Bxe4 dxe4 18.Qa4 g6 19.Rfc1 Rec8 20.Kg2 h5 21.h4 
Rxc3 22.Rxc3 Rd8 23.Kg1 a6 24.Qb4 Qxb4 25.axb4 Rd7 26.Kh2 Kg7 27.Kh3 Kf6 
28.g4 Ke5 29.Rc1 f6 30.gxh5 gxh5 31.Rg1 Bc8 32.Kh2 Rc7 33.Rg8 Kd6 34.Rd8+ 
Ke7 35.Rh8 Rc4 36.b3 Rc3 37.Rxh5 Be6 38.Rh7+ Kd6 39.Rb7 Bc8 40.Rxb6+ Ke7 
41.h5 Kf7 42.Kg3 Kg7 43.Kf4 Rc1 44.Rc6 Rxc6 45.Nxc6 Be6 1-0

[Event "12th Reykjavik op"]
[Site "Reykjavik ISL"]
[Date "1986.02.15"]
[Round "4.14"]
[White "Petursson, Margeir"]
[Black "Wilder, Michael"]
[Result "1-0"]
[WhiteElo "2520"]
[BlackElo "2445"]
[EventDate "1986.02.11"]
[PlyCount "67"]

1.d4 Nf6 2.c4 g6 3.Nc3 Bg7 4.e4 d6 5.f3 O-O 6.Be3 a6 7.Bd3 c5 8.Nge2 Nc6 
9.Bc2 b6 10.d5 Na5 11.Bd3 Nd7 12.f4 b5 13.cxb5 axb5 14.Bxb5 Ba6 15.Bxa6 
Rxa6 16.b3 Qa8 17.O-O Rb8 18.Rb1 Rbb6 19.e5 Rb4 20.e6 fxe6 21.dxe6 Nf6 22.
Ng3 c4 23.f5 cxb3 24.fxg6 Ng4 25.Nd5 Nxe3 26.Qh5 h6 27.Nxe3 Qa7 28.Nf5 Nc4
29.Kh1 Qxe3 30.Nxe3 Nxe3 31.axb3 Nxf1 32.Rxf1 Rxb3 33.g3 Re3 34.Qh4 1-0

[Event "12th Reykjavik op"]
[Site "Reykjavik ISL"]
[Date "1986.02.15"]
[Round "4.16"]
[White "Sigurjonsson, Gudmundur"]
[Black "Jonsson, Bjorgvin"]
[Result "1-0"]
[WhiteElo "2495"]
[BlackElo "2290"]
[EventDate "1986.02.11"]
[PlyCount "77"]

1.e4 c5 2.Nf3 d6 3.d4 cxd4 4.Nxd4 Nf6 5.Nc3 g6 6.Be2 Bg7 7.O-O O-O 8.Bg5 
Nc6 9.Nb3 Rb8 10.a4 a6 11.Re1 Be6 12.Bf1 Na5 13.Nd4 Bc4 14.Bxc4 Nxc4 15.b3
Ne5 16.Nd5 Nxd5 17.exd5 Re8 18.Qd2 Qb6 19.Rad1 e6 20.dxe6 fxe6 21.Bh6 Bh8 
22.Be3 Qc7 23.h3 Nf7 24.c4 Rbd8 25.a5 Qe7 26.Nf3 Qf6 27.Bd4 e5 28.Bb6 Rd7 
29.Qd5 Rde7 30.Nd2 Bg7 31.Ne4 Qe6 32.Nxd6 Nxd6 33.Qxd6 Qxd6 34.Rxd6 e4 35.
Red1 Kf7 36.Bd8 Re5 37.Rd7+ Kf8 38.Bb6 R8e7 39.Rxe7 1-0

[Event "12th Reykjavik op"]
[Site "Reykjavik ISL"]
[Date "1986.02.15"]
[Round "4.18"]
[White "Alburt, Lev"]
[Black "Pyhala, Antti"]
[Result "1-0"]
[WhiteElo "2515"]
[BlackElo "2340"]
[EventDate "1986.02.11"]
[PlyCount "53"]

1.d4 d5 2.c4 e6 3.Nf3 Nf6 4.g3 c5 5.cxd5 Nxd5 6.Bg2 Be7 7.O-O O-O 8.dxc5 
Bxc5 9.a3 Be7 10.Qc2 Bd7 11.e4 Nb6 12.Rd1 Qc8 13.Nc3 Rd8 14.Bf4 Na6 15.
Rac1 Nc5 16.Qe2 Be8 17.b4 Nb3 18.Nd5 Nxc1 19.Nxe7+ Kf8 20.Rxc1 Qd7 21.Rc7 
Qd1+ 22.Bf1 Qa4 23.Ng5 Nd7 24.Bd6 Nf6 25.e5 Rxd6 26.exd6 Qxa3 27.Qe4 1-0

[Event "12th Reykjavik op"]
[Site "Reykjavik ISL"]
[Date "1986.02.15"]
[Round "4.19"]
[White "Fedorowicz, John"]
[Black "Hardarson, Robert"]
[Result "1-0"]
[WhiteElo "2500"]
[BlackElo "2310"]
[EventDate "1986.02.11"]
[PlyCount "59"]

1.d4 Nf6 2.c4 c5 3.d5 e6 4.Nc3 exd5 5.cxd5 d6 6.Nf3 g6 7.Bf4 a6 8.e4 Bg7 
9.Qa4+ Bd7 10.Qb3 Qc7 11.e5 Nh5 12.exd6 Qc8 13.Be3 O-O 14.a4 Bg4 15.Be2 
Nd7 16.O-O Ne5 17.Qd1 Nxf3+ 18.Bxf3 Bxf3 19.Qxf3 Rd8 20.Ne4 Bxb2 21.Rab1 
Bg7 22.Nxc5 Rxd6 23.Nxb7 Rf6 24.Qe4 Qd7 25.Nc5 Qd6 26.Rfd1 Rf5 27.Qc4 Rc8 
28.Qxa6 Qxa6 29.Nxa6 Rd8 30.d6 1-0

[Event "12th Reykjavik op"]
[Site "Reykjavik ISL"]
[Date "1986.02.15"]
[Round "4.21"]
[White "Olafsson, David"]
[Black "Ligterink, Gert"]
[Result "1-0"]
[WhiteElo "2325"]
[BlackElo "2470"]
[EventDate "1986.02.11"]
[PlyCount "135"]

1.e4 c5 2.Nf3 d6 3.d4 cxd4 4.Nxd4 Nf6 5.Nc3 Nc6 6.Bg5 e6 7.Qd2 Be7 8.O-O-O
O-O 9.f4 h6 10.Bh4 e5 11.Nf5 Bxf5 12.exf5 exf4 13.Kb1 d5 14.Bxf6 Bxf6 15.
Nxd5 Be5 16.Bc4 Qd6 17.Qe2 Rfe8 18.Qg4 Na5 19.Bb3 Nxb3 20.axb3 a5 21.Rhe1 
a4 22.f6 Bxf6 23.Ne7+ Rxe7 24.Rxd6 Rxe1+ 25.Rd1 Rxd1+ 26.Qxd1 axb3 27.c3 
Re8 28.Qxb3 Re7 29.Qb6 Bg5 30.Ka2 g6 31.Qd4 Re6 32.h4 Bf6 33.Qxf4 Kg7 34.
Qf3 Ra6+ 35.Kb1 Rb6 36.h5 g5 37.Kc2 Rc6 38.Qd5 Rc7 39.c4 Re7 40.b4 b6 41.
Kb3 Re6 42.Qb7 Bd4 43.Qd7 Be3 44.Qd5 Bf4 45.c5 bxc5 46.bxc5 Re7 47.c6 Bc7 
48.Qc5 Kf8 49.Ka4 Ke8 50.Qd4 Be5 51.Qd3 Bc7 52.Kb5 Be5 53.Kb6 Bc7+ 54.Ka6 
Be5 55.Qh7 Re6 56.Qg8+ Ke7 57.Kb7 Rd6 58.Qc8 Rd8 59.Qf5 Rb8+ 60.Ka7 Rb5 
61.Qd7+ Kf6 62.c7 Ra5+ 63.Kb6 Bxc7+ 64.Qxc7 Re5 65.Qc3 Kf5 66.Qd3+ Kf6 67.
Qd4 Ke6 68.Kc6 1-0

[Event "12th Reykjavik op"]
[Site "Reykjavik ISL"]
[Date "1986.02.15"]
[Round "4.22"]
[White "Van der Sterren, Paul"]
[Black "Burger, Karl"]
[Result "1-0"]
[WhiteElo "2470"]
[BlackElo "2290"]
[EventDate "1986.02.11"]
[PlyCount "83"]

1.d4 Nf6 2.c4 e6 3.Nf3 b6 4.a3 Bb7 5.Nc3 d5 6.cxd5 exd5 7.Bf4 Be7 8.e3 O-O
9.Be2 c5 10.Ne5 Nbd7 11.O-O Nxe5 12.dxe5 Ne4 13.Nxe4 dxe4 14.Qa4 Qc8 15.
Bb5 Rd8 16.Rad1 Bd5 17.Rxd5 Rxd5 18.Bc6 Qd8 19.Bxa8 Qxa8 20.Qxe4 Qc6 21.
Bg3 Qe6 22.f4 f5 23.Qc2 Qd7 24.e4 fxe4 25.Qxe4 b5 26.f5 Rd1 27.Be1 Qd4+ 
28.Qxd4 Rxd4 29.Bc3 Rd5 30.b4 a5 31.f6 gxf6 32.exf6 Bd6 33.f7+ Kf8 34.bxa5
b4 35.a6 bxc3 36.a7 Bxh2+ 37.Kxh2 Rd8 38.Rb1 c2 39.Rb8 c1=Q 40.Rxd8+ Kxf7 
41.a8=Q Qf4+ 42.g3 1-0

[Event "12th Reykjavik op"]
[Site "Reykjavik ISL"]
[Date "1986.02.15"]
[Round "4.24"]
[White "Angantysson, Haukur"]
[Black "Arnason, Asgeir Thor"]
[Result "0-1"]
[WhiteElo "2305"]
[BlackElo "2240"]
[EventDate "1986.02.11"]
[PlyCount "52"]

1.d4 Nf6 2.Nf3 g6 3.c4 Bg7 4.Nc3 O-O 5.e4 d6 6.Be2 e5 7.O-O Nc6 8.d5 Ne7 
9.Ne1 Nd7 10.Nd3 c5 11.a3 f5 12.f3 f4 13.b4 b6 14.bxc5 Nxc5 15.Nxc5 bxc5 
16.Bd2 g5 17.g4 fxg3 18.hxg3 Ng6 19.Qa4 h5 20.Rfb1 g4 21.fxg4 h4 22.Rf1 
hxg3 23.Rxf8+ Bxf8 24.Kg2 Rb8 25.Qc2 Rb7 26.Bf3 Rh7 0-1

[Event "12th Reykjavik op"]
[Site "Reykjavik ISL"]
[Date "1986.02.15"]
[Round "4.25"]
[White "Thorhallsson, Throestur"]
[Black "Karklins, Andrew"]
[Result "1/2-1/2"]
[WhiteElo "2245"]
[BlackElo "2320"]
[EventDate "1986.02.11"]
[PlyCount "69"]

1.e4 e5 2.Nf3 Nc6 3.d4 exd4 4.Nxd4 g6 5.Nc3 Bg7 6.Be3 d6 7.Bc4 Nf6 8.f3 
O-O 9.Qd2 Ne5 10.Be2 d5 11.f4 Neg4 12.e5 Nxe3 13.Qxe3 c5 14.exf6 cxd4 15.
Qf3 dxc3 16.fxg7 Re8 17.O-O cxb2 18.Rab1 Qb6+ 19.Kh1 Re3 20.Qf2 Bf5 21.Bd3
Rae8 22.Bxf5 gxf5 23.c4 Re1 24.Rfxe1 Qxf2 25.Rxe8+ Kxg7 26.cxd5 Qd2 27.
Ree1 Kf8 28.Rbd1 b1=Q 29.Rxb1 Qxd5 30.Re2 b6 31.h3 Qc4 32.Rf2 b5 33.Rfb2 
a6 34.g3 Kg7 35.Kh2 1/2-1/2

[Event "12th Reykjavik op"]
[Site "Reykjavik ISL"]
[Date "1986.02.15"]
[Round "4.28"]
[White "Halldorsson, Gudmundur"]
[Black "Thorsteinsson, Thorsteinn"]
[Result "1/2-1/2"]
[WhiteElo "2270"]
[BlackElo "2325"]
[EventDate "1986.02.11"]
[PlyCount "22"]

1.Nf3 Nf6 2.g3 b6 3.Bg2 Bb7 4.O-O e6 5.c4 c5 6.b3 Be7 7.Bb2 O-O 8.d3 d5 9.
e3 Nc6 10.Qe2 Qc7 11.Nc3 Rad8 1/2-1/2

[Event "12th Reykjavik op"]
[Site "Reykjavik ISL"]
[Date "1986.02.15"]
[Round "4.32"]
[White "Dehmelt, Karl"]
[Black "Vidarsson, Jon"]
[Result "1-0"]
[WhiteElo "2355"]
[BlackElo "2115"]
[EventDate "1986.02.11"]
[PlyCount "99"]

1.e4 c5 2.Nf3 d6 3.Bb5+ Bd7 4.Bxd7+ Nxd7 5.O-O Ngf6 6.Qe2 e6 7.c4 Ne5 8.
Nc3 Nc6 9.d3 Nd4 10.Nxd4 cxd4 11.Nb5 e5 12.Bg5 Be7 13.f4 O-O 14.Bxf6 Bxf6 
15.Na3 Rb8 16.Rf3 exf4 17.Rxf4 Be5 18.Rf3 a6 19.Raf1 b5 20.Rh3 g6 21.Qd2 
Bg7 22.b3 bxc4 23.Nxc4 Rb5 24.Qf4 d5 25.Nd6 Rb6 26.Nxf7 Qe7 27.Rhf3 dxe4 
28.Qxe4 Qxe4 29.dxe4 Rc6 30.Ne5 Rxf3 31.Nxc6 Re3 32.Rd1 Rxe4 33.Kf2 g5 34.
g3 g4 35.Re1 Rxe1 36.Kxe1 Kf7 37.Ke2 Ke6 38.Kd3 Kd5 39.Nb4+ Kd6 40.Nxa6 h5
41.Ke4 Be5 42.Nb4 h4 43.gxh4 Bxh2 44.Nd3 g3 45.Kf3 Kd5 46.h5 Bg1 47.h6 g2 
48.h7 Be3 49.Kxg2 Ke4 50.h8=Q 1-0

[Event "12th Reykjavik op"]
[Site "Reykjavik ISL"]
[Date "1986.02.16"]
[Round "5.1"]
[White "Salov, Valery"]
[Black "Hansen, Curt"]
[Result "0-1"]
[WhiteElo "2525"]
[BlackElo "2510"]
[EventDate "1986.02.11"]
[PlyCount "120"]

1.d4 Nf6 2.c4 e6 3.Nf3 d5 4.Nc3 Be7 5.Bg5 O-O 6.e3 Nbd7 7.Qc2 c5 8.Rd1 Qa5
9.cxd5 Nxd5 10.Bxe7 Nxe7 11.Be2 Nd5 12.O-O Nxc3 13.bxc3 b6 14.d5 exd5 15.
Rxd5 Nf6 16.Rd6 Be6 17.c4 Rad8 18.Rfd1 Rxd6 19.Rxd6 h6 20.h3 Re8 21.Nd2 
Qa6 22.e4 Bf5 23.Bd3 Bc8 24.Nf3 Qb7 25.e5 Qe7 26.Qd2 Nd7 27.Qf4 Bb7 28.
Bh7+ Kxh7 29.Qf5+ g6 30.Qxd7 Kg7 31.Qxe7 Rxe7 32.Nd2 Rxe5 33.Rd7 Bc8 34.
Rxa7 Re1+ 35.Kh2 Re2 36.Nf3 Rxf2 37.a4 Ra2 38.Ne5 Be6 39.Ra6 Re2 40.Nf3 
Bxc4 41.Rxb6 Ra2 42.Kg3 Rxa4 43.Rc6 Ra5 44.Rc7 Bd5 45.Kf4 Ra4+ 46.Ke3 Ra3+
47.Kf4 g5+ 48.Kg3 Rc3 49.h4 Kg6 50.hxg5 hxg5 51.Kf2 Bxf3 52.gxf3 f6 53.Re7
Rc4 54.Ke3 Kf5 55.Re8 Ra4 56.Re7 Ra6 57.Kf2 Rc6 58.Ra7 c4 59.Ra5+ Kg6 60.
Ke3 c3 0-1

[Event "12th Reykjavik op"]
[Site "Reykjavik ISL"]
[Date "1986.02.16"]
[Round "5.2"]
[White "Miles, Anthony John"]
[Black "De Firmian, Nick"]
[Result "1-0"]
[WhiteElo "2610"]
[BlackElo "2520"]
[EventDate "1986.02.11"]
[PlyCount "136"]

1.d4 Nf6 2.c4 e6 3.Nc3 Bb4 4.e3 b6 5.f3 c5 6.d5 O-O 7.Nh3 b5 8.dxe6 fxe6 
9.cxb5 d5 10.Nf2 c4 11.Be2 a6 12.bxa6 Bxa6 13.a3 Be7 14.b3 cxb3 15.Qxb3 
Nbd7 16.O-O Nc5 17.Qa2 Qc7 18.Bxa6 Rxa6 19.Nb5 Qd7 20.Rb1 Kh8 21.Bd2 h6 
22.Bc3 Rb8 23.Nd4 Rba8 24.Nc2 Na4 25.Bd4 Rc6 26.Qb3 Qc8 27.Nb4 Rc7 28.Nfd3
Nc5 29.Nxc5 Bxc5 30.Be5 Rca7 31.Bb2 Qc7 32.Rfc1 Qb6 33.Rxc5 Qxc5 34.Bd4 
Qc7 35.Bxa7 Qxa7 36.Ra1 e5 37.Nc6 Qc7 38.Rc1 d4 39.exd4 exd4 40.Rc4 Qd6 
41.Nxd4 Rxa3 42.Rc8+ Kh7 43.Qc2+ g6 44.Qc7+ Qxc7 45.Rxc7+ Kg8 46.Rc8+ Kf7 
47.Rc7+ Kg8 48.h3 Ra2 49.Ne6 Ra6 50.Nf4 Ne8 51.Re7 Ng7 52.Kh2 Rf6 53.Re4 
Rd6 54.g4 Kf7 55.Re5 Ne8 56.Kg3 Nf6 57.h4 Rd7 58.Ra5 Rb7 59.Ra6 Rd7 60.Rc6
g5 61.Nh3 gxh4+ 62.Kxh4 Rd3 63.Rc7+ Kg8 64.Kg3 Ne4+ 65.Kf4 Ng5 66.Nxg5 
hxg5+ 67.Ke4 Rd6 68.Rc5 Rg6 1-0

[Event "12th Reykjavik op"]
[Site "Reykjavik ISL"]
[Date "1986.02.16"]
[Round "5.5"]
[White "Byrne, Robert"]
[Black "Lein, Anatoly"]
[Result "1-0"]
[WhiteElo "2505"]
[BlackElo "2535"]
[EventDate "1986.02.11"]
[PlyCount "25"]

1.e4 c5 2.Nf3 e6 3.d4 cxd4 4.Nxd4 Nf6 5.Nc3 d6 6.g4 Nc6 7.g5 Nd7 8.Be3 Nb6
9.Qf3 Be7 10.h4 Ne5 11.Qg3 Nec4 12.O-O-O O-O 13.Ndb5 1-0

[Event "12th Reykjavik op"]
[Site "Reykjavik ISL"]
[Date "1986.02.16"]
[Round "5.6"]
[White "Gheorghiu, Florin"]
[Black "Sigurjonsson, Gudmundur"]
[Result "1/2-1/2"]
[WhiteElo "2525"]
[BlackElo "2495"]
[EventDate "1986.02.11"]
[PlyCount "26"]

1.d4 Nf6 2.c4 e6 3.Nf3 b6 4.g3 Ba6 5.Qb3 c6 6.Bg5 d5 7.Nbd2 Be7 8.Rc1 O-O 
9.Bg2 Nbd7 10.O-O Bb7 11.Rfd1 h6 12.Bxf6 Bxf6 13.e4 Qb8 1/2-1/2

[Event "12th Reykjavik op"]
[Site "Reykjavik ISL"]
[Date "1986.02.16"]
[Round "5.7"]
[White "Zaltsman, Vitaly"]
[Black "Geller, Efim"]
[Result "1/2-1/2"]
[WhiteElo "2410"]
[BlackElo "2525"]
[EventDate "1986.02.11"]
[PlyCount "21"]

1.d4 Nf6 2.c4 e6 3.Nf3 d5 4.Nc3 Be7 5.Bg5 h6 6.Bh4 O-O 7.e3 b6 8.Be2 Bb7 
9.Bxf6 Bxf6 10.cxd5 exd5 11.Qb3 1/2-1/2

[Event "12th Reykjavik op"]
[Site "Reykjavik ISL"]
[Date "1986.02.16"]
[Round "5.8"]
[White "Utut Adianto"]
[Black "Petursson, Margeir"]
[Result "1/2-1/2"]
[WhiteElo "2400"]
[BlackElo "2520"]
[EventDate "1986.02.11"]
[PlyCount "47"]

1.d4 Nf6 2.Nf3 e6 3.e3 c5 4.Bd3 d5 5.O-O c4 6.Be2 b5 7.Ne5 Nbd7 8.f4 Ne4 
9.Nd2 Nxe5 10.fxe5 Nxd2 11.Bxd2 Be7 12.a4 b4 13.Bxc4 dxc4 14.Qf3 Rb8 15.
Qxf7+ Kd7 16.d5 exd5 17.Qxd5+ Kc7 18.Qxc4+ Kb7 19.Qe4+ Kc7 20.Qc4+ Kb7 21.
Qe4+ Kc7 22.Qc4+ Kb7 23.Qe4+ Kc7 24.Qc4+ 1/2-1/2

[Event "12th Reykjavik op"]
[Site "Reykjavik ISL"]
[Date "1986.02.16"]
[Round "5.11"]
[White "Kudrin, Sergey"]
[Black "Christiansen, Larry"]
[Result "1/2-1/2"]
[WhiteElo "2460"]
[BlackElo "2555"]
[EventDate "1986.02.11"]
[PlyCount "92"]

1.e4 g6 2.d4 Bg7 3.Nc3 d6 4.f4 Nf6 5.Nf3 Na6 6.Bd3 c5 7.d5 Qc7 8.Qe2 O-O 
9.a3 e6 10.dxe6 Bxe6 11.Bc4 Rae8 12.O-O Bxc4 13.Qxc4 Qc6 14.e5 Ng4 15.h3 
Nh6 16.Qd5 Nf5 17.Qxc6 bxc6 18.Ne4 d5 19.Nf2 f6 20.Ng4 Ng3 21.Re1 f5 22.
Nf2 Nc7 23.b4 Ne6 24.bxc5 Rb8 25.Nd3 Rfd8 26.Be3 d4 27.Bf2 Ne4 28.Rab1 
Rxb1 29.Rxb1 Bf8 30.Rb7 N4xc5 31.Rxa7 Nxd3 32.cxd3 Bc5 33.Ra6 Nxf4 34.Rxc6
Nxd3 35.a4 Nxf2 36.Kxf2 Bf8 37.Rc4 d3 38.Ke1 Bh6 39.Rd4 d2+ 40.Ke2 Rb8 41.
Nxd2 Rb2 42.g4 fxg4 43.hxg4 Ra2 44.Ke1 Bxd2+ 45.Rxd2 Rxa4 46.Rd8+ Kg7 
1/2-1/2

[Event "12th Reykjavik op"]
[Site "Reykjavik ISL"]
[Date "1986.02.16"]
[Round "5.13"]
[White "Olafsson, Helgi"]
[Black "Welin, Thomas"]
[Result "1-0"]
[WhiteElo "2545"]
[BlackElo "2445"]
[EventDate "1986.02.11"]
[PlyCount "85"]

1.Nf3 Nf6 2.c4 g6 3.Nc3 d5 4.cxd5 Nxd5 5.Qa4+ Bd7 6.Qh4 Bc6 7.Ne5 Bg7 8.
Nxc6 Nxc6 9.Qe4 e6 10.g3 O-O 11.Bg2 Nce7 12.O-O c5 13.Qc4 Rc8 14.d3 Qd7 
15.Bd2 Rfd8 16.Rfd1 h6 17.Kf1 b6 18.Rac1 Kh7 19.Qa4 Nxc3 20.Qxd7 Rxd7 21.
bxc3 c4 22.d4 e5 23.e3 f5 24.Rb1 e4 25.f3 exf3 26.Bxf3 h5 27.Rb5 Rf8 28.
Kg2 Nc8 29.a4 Nd6 30.Rd5 Rfd8 31.a5 b5 32.a6 b4 33.cxb4 c3 34.Bc1 Ne4 35.
Bxe4 fxe4 36.Rc5 Rb8 37.Rxc3 Rxb4 38.Rc6 Rb1 39.Rf1 Ra1 40.Rf2 Bh6 41.Rb2 
Rxc1 42.Rxc1 Bxe3 43.Rb7 1-0

[Event "12th Reykjavik op"]
[Site "Reykjavik ISL"]
[Date "1986.02.16"]
[Round "5.14"]
[White "Donaldson, John"]
[Black "Alburt, Lev"]
[Result "1/2-1/2"]
[WhiteElo "2420"]
[BlackElo "2515"]
[EventDate "1986.02.11"]
[PlyCount "73"]

1.d4 Nf6 2.c4 c5 3.d5 b5 4.Nf3 Bb7 5.a4 a6 6.axb5 axb5 7.Rxa8 Bxa8 8.Nc3 
Qa5 9.Bf4 d6 10.Nd2 b4 11.Nb5 Nh5 12.Nb3 Qa2 13.Bc1 g6 14.e4 Bg7 15.Nc7+ 
Kd8 16.Nxa8 Bxb2 17.Bxb2 Qxb2 18.Nb6 Kc7 19.Na4 Qa3 20.Naxc5 dxc5 21.Bd3 
Nd7 22.O-O Ra8 23.f4 Qb2 24.e5 Ra2 25.Be4 Ra6 26.Rf3 Kd8 27.e6 fxe6 28.
dxe6 Rd6 29.Rd3 Nxf4 30.Rxd6 exd6 31.exd7 Qe5 32.Qf3 Kxd7 33.h3 Ke7 34.Na5
Nxh3+ 35.gxh3 Qa1+ 36.Kg2 Qxa5 37.Qe3 1/2-1/2